1609 1870 1821 1859 1460 1797 1784 1395 1305 1945 1721 1387 1675 1526 1508 1874 1435 1788 1793 1375 1844 1750 1079 1695 1836 1340 1171 1316 1488 1581 1869 1112 1198 1560 1547 1243 1105 1018 1138 1570 1352 1532 1637 1369 1689 1120 1405 1862 1133 1594 1356 1071 1831 1648 1802 1944 1127 1677 1322 1890 1997 1569 1243 1004 1852 1057 1435 1670 1218 1234 1535 1174 1653 1428 1898 1986 1328 1295 1985 1949 1899 1045 1134 1600 1032 1373 1012 1231 1398 1640 1976 1189 1179 1875 1784 1001 1830 1016 1762 BCNSPRNW ULIB Ver.6.0+V

เปลี่ยนเป็นภาษาไทย

Change to English
 แสดงรายละเอียดบรรณานุกรม
  กลับหน้าหลัก

Brief Record : Get Marc (ISO 2709) : E-mail record : QR code < ปิดหน้าต่าง
LEADER : 00000nam 2200000uu 4500
001    13399128691
003     ULIB
008    240702s2559||||th 000 0 tha d
020    ^a9786163610010
060    ^aWJ300^bพ333ร^cล.1
100    ^aพระเทวินทร์ เทวินโท
245    ^aโรคไต Nephrosis 1
250    ^aพิมพ์ครั้งที่ 2
260    ^aกรุงเทพฯ :^bซีเอ็ดบุ๊ค,^c2559
300    ^a620 หน้า^bภาพประกอบ
650    ^aไต, โรค
945    ^p250^l0^i010498
945    ^p250^l0^i010499
945    ^p250^l0^i010500
999    ^aประนอม เกษจรัล
รายการนี้ยังไม่มีแท็ก
คุณยังไม่ได้ล็อกอิน คุณสามารถมีกิจกรรมร่วมกับเว็บไซต์ได้ แต่ต้องล็อกอินก่อน ::
  ล็อกอิน

รายการสื่อสารสนเทศ

ลำดับที่ ประเภท เลขเรียก/บาร์โค้ด สถานที่ สถานะ
1. วิทยาศาสตร์การแพทย์ และสุขภาพ
วิทยาศาสตร์การแพทย์ และสุขภาพ
สถานะ=หนังสือเก่า
WJ300 พ333ร ล.1 ฉ.1 
  Barcode: 010498
ห้องสมุดวิทยาเขตสวรรค์ประชารักษ์
►ส่วนจัดเก็บหนังสือเก่า สปร
บนชั้น
  ขอยืม
2. วิทยาศาสตร์การแพทย์ และสุขภาพ
วิทยาศาสตร์การแพทย์ และสุขภาพ
สถานะ=หนังสือเก่า
WJ300 พ333ร ล.1 ฉ.2 
  Barcode: 010499
ห้องสมุดวิทยาเขตสวรรค์ประชารักษ์
►ส่วนจัดเก็บหนังสือเก่า สปร
บนชั้น
  ขอยืม
3. วิทยาศาสตร์การแพทย์ และสุขภาพ
วิทยาศาสตร์การแพทย์ และสุขภาพ
สถานะ=หนังสือเก่า
WJ300 พ333ร ล.1 ฉ.3 
  Barcode: 010500
ห้องสมุดวิทยาเขตสวรรค์ประชารักษ์
►ส่วนจัดเก็บหนังสือเก่า สปร
บนชั้น
  ขอยืม

รายการใกล้เคียง
    ชื่อเรื่อง [โรคไต Nephrosis 1]

    ผู้แต่ง [พระเทวินทร์ เทวินโท]

    หัวเรื่อง [ไต, โรค]

BibComment


ยังไม่เคยถูกคอมเมนท์

คอมเมนท์ทรัพยากรรายการนี้
  คอมเมนท์: โรคไต Nephrosis 1


 Copyright 2026. Bcnsprnw @Library